[Event "Magistral 50 Blanca 2022"]
[Site "Buenos Aires"]
[Date "2022.03.31"]
[Round "7.5"]
[White "Tokman, Ariel"]
[Black "Paveto, Kevin"]
[Result "1-0"]
[WhiteElo "2315"]
[BlackElo "2462"]
[Annotator "TA"]
[PlyCount "64"]
[EventDate "2022.03.25"]
[EventType "tourn"]
[EventCountry "ARG"]
[SourceTitle "playchess.com"]
[Source "ChessBase"]
[SourceQuality "1"]

{[%evp 9,64,12,48,41,48,61,39,69,77,72,109,107,104,77,66,65,70,65,66,25,58,48,119,115,98,103,112,114,125,118,148,145,147,149,146,141,105,119,318,310,413,432,427,418,414,413,400,400,400,400,847,833,817,777,5393,1334,29986]} 1. Nf3 Nf6 2. c4 g6 3. Nc3 d5 4. cxd5 Nxd5 5. Qc2 Bg7 6. e4 $1 {A16: English Opening: 1...Nf6 with ...d5.} (6. Nxd5 Qxd5 7. e3 Bf5 $11) 6... Nb6 7. d4 $1 O-O 8. Be3 {White is slightly better.} Bg4 9. Ne5 Bxe5 10. dxe5 Nc6 11. h3 ({Don't play} 11. f3 Be6 $14) 11... Be6 12. Rd1 Qc8 13. f4 Rd8 14. Be2 {[#]} Rxd1+ $146 ({Predecessor:} 14... Nb4 15. Qb1 Rxd1+ 16. Bxd1 Nc4 17. Kf2 c5 18. Be2 Nxe3 19. Kxe3 c4 {1-0 (43) Pogorelov,R (2477)-Fernandez Barrera,V (2302) Albacete 2009}) 15. Qxd1 Nc4 (15... Bc4 $14) 16. Bxc4 $16 Bxc4 17. b3 Be6 18. O-O Qd8 19. Qe2 {Threatens to win with f5.} f5 {[#]} 20. exf6 $1 exf6 21. f5 Bf7 22. fxg6 {&Bianco is more active.} hxg6 23. Nd5 {Against Qe7} f5 {This move loses the game for Black.} (23... Bxd5 $16 {keeps fighting.} 24. exd5 Qxd5) 24. Rd1 $18 Bxd5 25. exd5 ({Weaker is} 25. Rxd5 Qe7 $16) 25... Ne5 26. Bf4 Nf7 27. Qe6 {Against Qd7} Kg7 28. Rc1 Rc8 29. d6 {[%cal Bd5d6,Bd6d7][%mdl 32] [#] d7 is the strong threat.} c6 (29... Qe8 $142 30. Qc4 Qe4 31. Qxe4 (31. dxc7 Qxc4 32. Rxc4 g5 $18) 31... fxe4 32. dxc7 Kf6) 30. d7 {White is clearly winning.} Ra8 31. Rd1 Qa5 32. Be3 {Qe7 would kill now.} Qd8 {Prevents Qe7.  Weighted Error Value: White=0.03 (flawless) /Black=0.30} 1-0

[Event "Magistral 50 Blanca 2022"]
[Site "Buenos Aires"]
[Date "2022.04.01"]
[Round "8.1"]
[White "Diaz Hollemaert, Nahuel"]
[Black "Paveto, Kevin"]
[Result "1-0"]
[WhiteElo "2439"]
[BlackElo "2462"]
[Annotator "TA"]
[PlyCount "39"]
[EventDate "2022.03.25"]
[EventType "tourn"]
[EventCountry "ARG"]
[SourceTitle "playchess.com"]
[Source "ChessBase"]
[SourceQuality "1"]

{[%evp 11,39,1,9,0,33,31,33,26,56,52,93,95,90,81,97,93,131,129,205,218,222,214,202,212,240,249,277,270,360,357]} 1. Nf3 Nf6 2. c4 g6 3. b3 Bg7 4. Bb2 O-O 5. g3 d6 6. d4 e5 7. dxe5 {E60: King's Indian: Unusual lines and Fianchetto Variation without Nc3.} Ng4 {[%cal Rd6e5] 7...dxe5 is more fashionable.} 8. Nc3 {[%cal Bb1c3,Bc3d5,Bd5f4,Bf4d3][%mdl 32] Hoping for exd6.} Nxe5 9. Nxe5 {White is slightly better.} Bxe5 10. Bg2 Nc6 11. Qd2 Be6 12. O-O {[#]} f5 $146 ({Predecessor:} 12... Bg7 13. Nd5 Bxd5 14. Bxd5 Qe7 15. Rac1 Rfe8 16. e3 Bxb2 17. Qxb2 Qe5 18. Qxe5 Rxe5 {1-0 (50) Ivanov,V (2373)-Gronde,I (2219) Germany 2016}) 13. Nd5 Qd7 14. Nf4 {&Bianco is more active.} Kg7 (14... Bxb2 $16 15. Qxb2 Nd8) 15. Bxc6 $18 bxc6 16. Bxe5+ dxe5 17. Qc3 Kf6 18. Rad1 {Against Qd4} Qe7 19. Nd3 Qd6 20. e3 {Black got outplayed after the opening.  Weighted Error Value: White=0.00 (flawless) /Black=0.30} 1-0

[Event "Magistral 50 Blanca 2022"]
[Site "Buenos Aires"]
[Date "2022.04.01"]
[Round "8.2"]
[White "Flores, Diego"]
[Black "Tokman, Ariel"]
[Result "1/2-1/2"]
[WhiteElo "2566"]
[BlackElo "2315"]
[Annotator "TA"]
[PlyCount "236"]
[EventDate "2022.03.25"]
[EventType "tourn"]
[EventCountry "ARG"]
[SourceTitle "playchess.com"]
[Source "ChessBase"]
[SourceQuality "1"]

{[%evp 99,236,-190,-56,-56,0,0,0,0,40,0,0,-8,-8,-8,-8,-8,-8,-12,0,0,0,0,0,0,0,0,0,0,0,-8,0,0,0,0,0,0,0,0,0,0,0,0,0,0,0,0,0,0,0,0,27,27,27,27,27,27,27,27,27,27,89,27,27,27,27,27,27,27,27,27,27,27,27,0,27,27,27,27,27,27,27,27,27,27,27,27,27,27,27,27,27,27,27,8,27,27,27,27,27,27,27,27,27,27,27,27,27,27,27,27,27,27,27,27,27,0,8,0,27,27,27,0,27,0,8,0,27,27,27,27,27,27,28,28,28,28,28,-8,-8]} 1. c4 c6 2. Nf3 Nf6 3. g3 d5 4. Bg2 e6 5. O-O Be7 6. b3 O-O 7. Bb2 a5 8. Nc3 Nbd7 9. Qc2 b6 10. e4 dxc4 11. bxc4 e5 12. Nd1 Qc7 13. Ne3 Re8 14. Rad1 Bc5 15. Nf5 g6 16. d4 exd4 17. Nh6+ Kg7 18. Qc1 Nxe4 19. Nxd4 Nef6 20. Ndf5+ Kf8 21. Rxd7 Bxd7 22. Bxf6 Re6 23. Qg5 Ra7 24. Rd1 Re2 25. Nd4 Qd6 26. Bf3 Rxa2 27. Bg7+ Ke8 28. Re1+ Be6 29. Bxc6+ Rd7 30. Qd5 Kd8 31. Bf6+ Kc8 32. Bxd7+ Bxd7 33. Qxd6 Bxd6 34. Nb5 Bb4 35. Rc1 Bd2 36. Rd1 Bxb5 37. Nxf7 Bc6 38. Bd4 a4 39. Bxb6 Rc2 40. Ne5 Kb7 41. Rb1 Rc1+ 42. Rxc1 Bxc1 43. Bd4 a3 44. Nd3 Bd2 45. Kf1 Bf3 46. Nc5+ Kc6 47. Nb3 Bb4 48. Nc1 Bd1 49. Na2 Bd2 50. Nc3 Bb3 (50... Bf3 $1 $19 {aiming for ...Bc1.} 51. Nd5 g5) 51. Ke2 $15 Bc1 (51... Bxc3 $15 52. Bxc3 Kc5) 52. Kd3 $11 Bb2 53. Nb5 Ba4 54. Nc3 Bb3 55. Ne2 Ba2 (55... Bd1 $5 56. Nc3 Kd7 $11) 56. Kc2 (56. Nc3 Bb1+ $1 {[%mdl 512]} 57. Ke3 (57. Nxb1 $2 a2 $19) 57... a2 58. Nxa2 Bxd4+ 59. Kxd4 Bxa2 $17) 56... Bxd4 ({Don't play} 56... Bxc4 57. Bxb2 Bxe2 58. Bxa3 $14) 57. Nxd4+ Kc5 58. Ne6+ Kxc4 59. Nf8 Bb3+ 60. Kb1 Kd4 61. Nxh7 Ke4 62. Ng5+ Kf5 63. Nf3 Bd5 64. Nd2 g5 65. h3 Ke5 66. Nf1 Bg2 67. Nh2 Bxh3 68. Nf3+ Kf5 69. Ka2 Bg2 70. Ne1 Bc6 71. Kxa3 Ke4 72. Kb2 Kd4 73. Kc2 Ke4 74. Kd2 Bb5 75. f3+ Kd4 76. Nc2+ Ke5 77. Ke3 Ba4 78. Nd4 Bd7 79. Nb3 Kd5 {[#]} (79... Bc6 $11) 80. Nd2 (80. g4 $1 $16 {Nd2 would kill now.} Ba4 81. Nd2) 80... Ke5 $11 81. Nc4+ Kf5 82. Nd6+ Ke5 83. Ne4 Kf5 $1 84. Nc5 Bc6 85. Nb3 Bd5 86. Nc5 Kf6 87. Ne4+ Kg6 88. Kd4 Bb3 89. Nc3 Kf5 90. Nd5 Ba4 91. g4+ Kg6 $1 92. Nc3 Bc2 93. Kc4 Kf6 94. Kd5 Bd3 95. Kd6 Bc4 96. Kc5 Bd3 97. Kd4 Bc2 98. Nd5+ Kg6 99. Ne3 Ba4 100. Kd5 Bb5 101. Nf5 Be2 102. Nd4 Bd1 103. Ke5 Ba4 $1 104. Ke6 Bd1 105. Nc6 Kg7 106. Ne5 Bc2 $1 107. Nc6 Bd1 108. Nd4 Kg6 109. Ke7 Kg7 110. Ke6 Kg6 111. Nc6 Kg7 112. Ne5 Bc2 $1 113. Nc4 Bb3 114. Kd5 Kf6 115. Kd4 Bd1 116. Nd2 Ba4 117. Ne4+ Kg6 118. Nxg5 Kxg5 1/2-1/2

[Event "Magistral 50 Blanca 2022"]
[Site "Buenos Aires"]
[Date "2022.04.01"]
[Round "8.3"]
[White "Santiago, Yago De Moura"]
[Black "Fiorito, Fabian"]
[Result "0-1"]
[WhiteElo "2494"]
[BlackElo "2357"]
[Annotator "TA"]
[PlyCount "76"]
[EventDate "2022.03.25"]
[EventType "tourn"]
[EventCountry "ARG"]
[SourceTitle "playchess.com"]
[Source "ChessBase"]
[SourceQuality "1"]

{[%evp 11,76,13,14,0,-12,-9,-1,-133,-125,-227,-197,-203,-81,-64,-67,-191,-180,-186,-190,-189,-188,-197,-191,-196,-194,-182,-192,-182,-185,-208,-200,-218,-208,-207,-208,-204,-215,-208,-152,-152,-152,-152,-152,-152,-152,-148,-130,-200,-200,-200,-200,-200,-199,-239,-235,-241,-241,-241,-241,-234,-219,-424,-424,-424,-362,-337,-308]} 1. d4 Nf6 2. c4 e6 3. Nc3 Bb4 4. e3 O-O 5. Bd3 d5 6. cxd5 exd5 7. Qc2 {E48: Nimzo-Indian: Rubinstein: 5 Bd3 d5 including 6 Ne2, but excluding 6 a3.} c5 8. dxc5 Nc6 {[%cal Bb8c6,Bc6d4,Bd4b3][%mdl 32] aiming for ...d4.} 9. a3 (9. Nge2 $11 {keeps the balance.}) 9... d4 $1 $17 {[#]} (9... Bxc5 10. Nf3 $11) 10. exd4 $146 {[#]} (10. axb4 $17 Nxb4 11. Qe2 (11. Bxh7+ $2 Nxh7 12. Qd2 Bf5 $19) 11... dxc3 12. Bb1) ({Predecessor:} 10. Bc4 Qa5 11. Rb1 dxc3 12. axb4 Nxb4 13. Qxc3 Ne4 14. Qb3 Nd3+ 15. Ke2 Nxc1+ 16. Rxc1 Qd2+ 17. Kf3 Ng5+ 18. Kf4 Ne6+ {0-1 (18) Kristinsdottir,A-Fischdick,G (2180) Oslo 1983}) 10... Nxd4 $1 $19 11. Qd1 {[#]} Bxc3+ ({Weaker is} 11... Bxc5 12. Nge2 $17) (11... Qd5 $1 $19 {[%cal Rd5g2] and Black stays clearly on top.} 12. Kf1 (12. axb4 $2 Qxg2 13. Be3 Bg4 $19) 12... Bxc3 13. bxc3 Nb3) 12. bxc3 $17 Nb3 {&Nero is more active.} 13. Rb1 {This costs White the game.} ({White has to play} 13. Bxh7+ $1 $15 Nxh7 14. Qxb3) 13... Nxc5 $19 {Pair of Knights!} ({And not} 13... Nxc1 14. Rxc1 Qd5 15. Nf3 $17) 14. Bc2 Qxd1+ 15. Kxd1 Nce4 16. Bxe4 Nxe4 17. Ke1 Nxc3 18. Rb3 Re8+ 19. Be3 Nd5 20. Ne2 b6 21. Kd2 Bb7 22. Rg1 Rad8 23. Rd3 Ba6 24. Rd4 Nxe3 25. fxe3 Bxe2 26. Rxd8 Rxd8+ 27. Kxe2 {[%mdl 4096] Endgame KR-KR} Rd5 28. Rc1 {Intending Rc8+ and mate.} g6 {[%cal Bg7g6,Bg6g5][%mdl 32]} 29. Kf3 (29. Rc4 $17 {was necessary.}) 29... Ra5 30. Rc3 h5 31. Kf4 Kg7 32. e4 g5+ 33. Ke3 Ra4 34. Rd3 Kf6 35. g3 Ke6 {Against Rd6+} 36. h4 $2 (36. Kf3 {was called for.}) 36... gxh4 37. gxh4 f5 {[%cal Bf7f5,Bf5e4][%mdl 32]} 38. Kf4 fxe4 {Weighted Error Value: White=0.29 (precise) /Black=0.07 (flawless)} ({Avoid the trap} 38... Rxe4+ $2 39. Kg5 $19) 0-1

[Event "Magistral 50 Blanca 2022"]
[Site "Buenos Aires"]
[Date "2022.04.01"]
[Round "8.4"]
[White "Romero Barreto, Jaime Jose"]
[Black "Roselli Mailhe, Bernardo"]
[Result "1/2-1/2"]
[WhiteElo "2333"]
[BlackElo "2426"]
[Annotator "TA"]
[PlyCount "78"]
[EventDate "2022.03.25"]
[EventType "tourn"]
[EventCountry "ARG"]
[SourceTitle "playchess.com"]
[Source "ChessBase"]
[SourceQuality "1"]

{[%evp 11,78,28,39,15,29,18,20,19,20,22,25,24,22,5,20,3,46,44,40,47,50,40,43,43,48,39,43,23,47,31,27,7,24,0,0,0,0,0,0,0,70,-21,-21,-31,0,0,0,0,0,0,0,0,0,0,0,0,0,0,0,0,0,0,0,0,0,0,0,0,0]} 1. e4 e6 2. d4 d5 3. Nd2 a6 4. Ngf3 c5 5. dxc5 Bxc5 6. Bd3 Nc6 {[%cal Bb8c6,Bc6b4,Bb4d3][%mdl 32]} 7. Qe2 {C07: French Tarrasch: 3...c5, 4 Ngf3 and 4 exd5 Qxd5.} Nb4 {[#]} 8. exd5 $146 (8. Nb3 {keeps more tension.} Bd6 9. exd5 Nxd3+ 10. Qxd3 exd5 11. O-O) ({Predecessor:} 8. O-O Ne7 9. Nb3 Nxd3 10. cxd3 Bb6 11. Be3 O-O 12. Rac1 Bd7 13. Nc5 Bxc5 14. Bxc5 dxe4 15. Qxe4 {0-1 (42) Amonatov,F (2637)-Shipov,S (2557) ICC INT 2010}) 8... Nxd3+ 9. Qxd3 Qxd5 10. Qxd5 exd5 11. Nb3 Bd6 12. Bg5 f6 13. Bh4 Bg4 14. Bg3 Bxg3 15. hxg3 Bxf3 16. gxf3 Ne7 17. O-O-O Rc8 18. Nd4 Kf7 19. Ne2 Rcd8 20. c3 h5 21. Nf4 g6 22. Rd4 Nc6 23. Rxd5 Rxd5 24. Nxd5 $11 {[%mdl 4096] Endgame KRN-KRN} Ne5 25. f4 Ng4 (25... Nd3+ $11 26. Kd2 Nxb2) 26. Kc2 ({White should try} 26. Re1 $14) 26... Nxf2 27. Re1 {[#] Hoping for Re7+.} Rd8 28. c4 {Re7+ is the strong threat. The position is equal.} Rd7 {Prevents Re7+.} 29. Re2 Ng4 30. b4 Nh6 {[#] And now ...Nf5 would win.} 31. Kc3 Nf5 32. Rg2 g5 33. fxg5 fxg5 34. g4 hxg4 35. Rxg4 Kg6 36. Nf4+ Kf6 $1 37. Nd5+ Kg6 38. Nf4+ Kf6 $1 39. Nd5+ Kg6 {Weighted Error Value: White=0.10 (very precise) /Black=0.07 (flawless)} 1/2-1/2

[Event "Magistral 50 Blanca 2022"]
[Site "Buenos Aires"]
[Date "2022.04.01"]
[Round "8.5"]
[White "Labollita, Martin"]
[Black "Pichot, Alan"]
[Result "0-1"]
[WhiteElo "2388"]
[BlackElo "2625"]
[Annotator "TA"]
[PlyCount "30"]
[EventDate "2022.03.25"]
[EventType "tourn"]
[EventCountry "ARG"]
[SourceTitle "playchess.com"]
[Source "ChessBase"]
[SourceQuality "1"]

{[%evp 16,30,0,-17,0,-2,0,0,8,-13,0,0,-3,-195,-195,-333,-340]} 1. d4 Nf6 2. Nf3 g6 3. Bg5 Bg7 4. Nbd2 O-O 5. c3 h6 6. Bh4 d6 7. e4 c5 $1 {7...c5 is better than 7...Nbd7.} 8. dxc5 dxc5 9. Be2 Nc6 {A48: 1 d4 Nf6 2 Nf3 g6: Torre, London and Colle Systems.} 10. O-O Nh5 {[%cal Bf6h5,Bh5f4,Bf4e2][%mdl 32]} 11. Qc2 Nf4 {The position is equal.} 12. Bb5 {[#]} Na5 $146 ({Predecessor:} 12... Bd7 13. a4 a6 14. Bc4 b5 15. Bd5 g5 16. Bg3 Ne2+ 17. Kh1 Nxg3+ 18. hxg3 e6 19. Bxc6 Bxc6 {½-½ (37) Gausel,E (2460)-Kovalev,A (2500) Gausdal 1990}) 13. Rfd1 Qc7 14. Rac1 $2 {[#]} (14. Bf1 $11) 14... c4 $1 $19 {Threatens to win with ...a6.} 15. Bg3 (15. Qb1 {was worth a try.}) 15... Ne2+ {White did not feel at home in the position after the opening.  Weighted Error Value: White=0.66/Black=0.05 (flawless)} 0-1

[Event "Magistral 50 Blanca 2022"]
[Site "Buenos Aires"]
[Date "2022.04.02"]
[Round "9.1"]
[White "Pichot, Alan"]
[Black "Diaz Hollemaert, Nahuel"]
[Result "1-0"]
[WhiteElo "2625"]
[BlackElo "2439"]
[Annotator "TA"]
[PlyCount "73"]
[EventDate "2022.03.25"]
[EventType "tourn"]
[EventCountry "ARG"]
[SourceTitle "playchess.com"]
[Source "ChessBase"]
[SourceQuality "1"]

{[%evp 16,73,28,16,15,14,15,15,18,20,19,13,51,25,50,-4,0,0,94,77,72,85,96,99,118,109,127,125,134,132,175,177,173,180,173,166,175,176,193,195,193,174,170,162,204,204,204,204,204,204,337,347,393,346,29995,29996,29996,29995,29997,29998]} 1. e4 e5 2. Nf3 Nc6 3. Bb5 {[%cal Bf1b5,Bb5a4,Ba4b3][%mdl 32]} a6 4. Ba4 Nf6 5. O-O Be7 6. Re1 b5 7. Bb3 d6 8. c3 {[%cal Bc2c3,Bc3d4,Bd4e5][%mdl 32]} O-O 9. a4 Na5 {C90: Closed Ruy Lopez with 7...d6: Early deviations.} 10. Bc2 {Threatens to win with axb5.} b4 {[%cal Ob4b3]} 11. d4 exd4 {The position is equal.} 12. cxd4 c5 13. Nbd2 {[#]} Rb8 $146 ({Predecessor:} 13... Bg4 14. h3 Bh5 15. b3 cxd4 16. g4 Bg6 17. Nxd4 d5 18. e5 Ne4 19. Nxe4 dxe4 {1-0 (33) Ghinda,M (2455)-Ibragimov,I (2550) Athens 1993}) 14. b3 {Against c4} Nd7 15. e5 (15. Rb1 $14) 15... dxe5 $11 16. dxe5 c4 (16... Nb6 $11) 17. Nxc4 $16 {White now steadily converts the win.} Nxc4 18. Qd3 {[%csl Gc2][%cal Rd3h7]} ({Don't play} 18. bxc4 Nc5 19. Nd4 b3 $15) 18... g6 {...Na3 is the strong threat.} 19. Qxc4 Nc5 20. Nd4 $36 {[%mdl 2048] White has strong initiative.} Bb7 21. Bh6 Bd5 22. Qe2 {0x0.0028da77436cdp-1022s more active pieces.} Bxg2 23. Bxf8 Bxf8 24. Kxg2 Qxd4 {[#]} 25. Rad1 $1 Qc3 {[#]} 26. Qd2 $1 Ne6 27. Qxc3 bxc3 28. Re3 Rc8 29. Re4 a5 30. f4 Bb4 31. Kf3 Rc7 32. Rc4 Re7 (32... Rxc4 $142 33. bxc4 Bc5) 33. f5 $18 gxf5 34. Bxf5 Nc5 $2 (34... Nf8 $18 35. Ke4 Kg7) 35. Rd8+ {White mates.} Kg7 36. Rg4+ Kh6 37. Rdg8 {Weighted Error Value: White=0.07 (flawless) /Black=0.50} 1-0

[Event "Magistral 50 Blanca 2022"]
[Site "Buenos Aires"]
[Date "2022.04.02"]
[Round "9.2"]
[White "Roselli Mailhe, Bernardo"]
[Black "Labollita, Martin"]
[Result "1-0"]
[WhiteElo "2426"]
[BlackElo "2388"]
[Annotator "TA"]
[PlyCount "87"]
[EventDate "2022.03.25"]
[EventType "tourn"]
[EventCountry "ARG"]
[SourceTitle "playchess.com"]
[Source "ChessBase"]
[SourceQuality "1"]

{[%evp 9,87,25,27,18,28,15,24,0,0,0,7,0,0,0,0,-14,0,0,0,0,0,0,4,-3,0,4,21,15,15,6,10,18,12,10,16,16,17,6,17,12,20,14,16,18,21,0,12,6,11,20,22,27,22,16,83,73,79,82,122,106,105,123,190,131,355,351,345,122,145,133,494,131,131,131,1864,1761,29990,29991,29998,29999]} 1. d4 d5 2. c4 e6 3. Nc3 a6 4. cxd5 exd5 5. Nf3 c6 6. e4 {D31: Queen's Gambit Declined: Semi-Slav without ...Nf6 (+ Marshall Gambit and Noteboom) and Exchange Variation lines without ...Nf6.} dxe4 7. Ng5 {[%cal Og5f7]} Be7 8. Ngxe4 {White has an edge.} (8. Bc4 $5 {[%cal Rg5f7]} Nh6 9. Ngxe4 $14 (9. Ncxe4 Nd7 $14)) 8... Nf6 9. Bc4 O-O 10. O-O Nbd7 {[#]} 11. Re1 $146 ({Predecessor:} 11. Ng3 Nb6 12. Bb3 Nfd5 13. Nce4 Be6 14. Re1 Nd7 15. a3 Re8 16. Qd3 Bf8 17. Bd2 {1-0 (47) Zubov,A (2589)-Warmerdam,M (2506) Chess.com INT 2020}) 11... Nxe4 12. Rxe4 Nb6 13. Bb3 $1 Bf5 14. Re1 Bf6 15. Be3 Qd7 16. Qf3 Rad8 17. h3 Nd5 18. Nxd5 cxd5 19. Qg3 Be4 20. Bg5 Bxg5 21. Qxg5 h6 22. Qd2 Rfe8 23. Rac1 Qd6 24. Re3 Bf5 25. Rce1 Rxe3 26. Qxe3 Kf8 27. Qe5 Be4 28. Qh5 {[%cal Oe1e4]} Qf4 29. Qe2 {[#] Strongly threatening f3.} Kg8 30. f3 Bg6 31. Qe3 (31. Qe5 {looks sharper.} Qd2 32. Re2 Qc1+ 33. Kf2) 31... Qc7 (31... Qh4 $11) 32. Rc1 $16 Qb6 33. Rc5 Rd6 34. Qc3 Kh7 35. Rxd5 ({Reject} 35. Bxd5 $6 Qd8 36. Bb3 (36. Bxb7 Rxd4 37. Be4 Bxe4 $11) 36... Rxd4 $11) 35... Re6 (35... Qd8 $16) 36. f4 ({Better is} 36. Qc5 $18) 36... Re4 $2 (36... Rf6 $16) 37. f5 $18 Bh5 38. Qc5 $2 (38. g4 Bxg4 39. hxg4 Rxg4+ 40. Kf1 Qf6 $18) (38. Bc2 $18 Rf4 39. Qe3) 38... Qf6 {[#] ...Re1+ is the strong threat.} 39. Re5 $1 Bf3 {[%mdl 8192]} (39... Qh4 $16) 40. Rxe4 $2 (40. gxf3 $18 Qh4 41. Kg2 (41. fxe4 Qe1+ 42. Kh2 Qe2+ 43. Kg1 Qe1+ 44. Kh2 Qe2+ 45. Kh1 Qf1+ 46. Kh2 Qf2+ 47. Kh1 Qf1+ 48. Kh2 Qf2+ 49. Kh1 Qf1+ $11) (41. Bxf7 {leads to mate.} Qg3+ 42. Kf1 Qxf3+ 43. Kg1 Qg3+ 44. Kf1 Qxh3+ 45. Kf2 Qe3+ 46. Kf1 Rf4+ 47. Kg2 Qf2+ 48. Kh3 Rh4#) 41... Rxd4 42. Qc1) 40... Bxe4 $16 41. Qe5 $36 {[%mdl 2048] White has strong initiative.} Qc6 {[%mdl 8192]} (41... Qxf5 $16 42. Bxf7 Qxf7 43. Qxe4+ Kg8) 42. Bxf7 $18 Bxg2 43. Bg6+ Kg8 44. Qb8+ {Weighted Error Value: White=0.23 (precise) /Black=0.45} 1-0

[Event "Magistral 50 Blanca 2022"]
[Site "Buenos Aires"]
[Date "2022.04.02"]
[Round "9.4"]
[White "Tokman, Ariel"]
[Black "Santiago, Yago De Moura"]
[Result "0-1"]
[WhiteElo "2315"]
[BlackElo "2494"]
[Annotator "TA"]
[PlyCount "54"]
[EventDate "2022.03.25"]
[EventType "tourn"]
[EventCountry "ARG"]
[SourceTitle "playchess.com"]
[Source "ChessBase"]
[SourceQuality "1"]

{[%evp 17,54,7,45,0,0,-14,28,27,33,19,41,33,31,40,38,0,21,16,23,3,20,11,24,11,16,-45,-12,-63,-30,-110,-111,-169,-162,-314,-314,-316,-303,-711,-688]} 1. Nf3 Nf6 2. g3 g6 3. Bg2 Bg7 4. O-O O-O 5. c4 d5 6. cxd5 Nxd5 7. d4 {[%cal Bd2d4,Bd4d5][%mdl 32]} Nb6 8. Nc3 Nc6 {[%cal Bb8c6,Bc6a5,Ba5c4,Bc4d6][%mdl 32]} 9. e3 a5 {[%cal Ba7a5,Ba5a4][%mdl 32]} 10. h3 {D76: Fianchetto Grünfeld: Main Line with 7...Nb6.} a4 11. Rb1 {[#]} e5 $146 {[%cal Re5d4]} ({Predecessor:} 11... Bf5 12. e4 Bd7 13. d5 Na5 14. Be3 Nac4 15. Bd4 e5 16. Bc5 Re8 17. b3 axb3 18. axb3 {1-0 (48) Rustemov,A (2525)-Migot,T (2353) Chess.com INT 2021}) 12. d5 {White has an edge.} Na5 13. e4 Nac4 14. b3 axb3 15. axb3 Nd6 16. Bb2 Re8 17. Re1 Bd7 18. Qd3 Qe7 19. Nd2 Rf8 20. Ra1 f5 {[%cal Bf7f5,Bf5f4,Bf4f3][%mdl 32]} 21. f3 ({White should play} 21. Qc2 $11) 21... h5 22. Kh2 (22. Rec1 $11) 22... Rxa1 23. Bxa1 (23. Rxa1 $11 {keeps the balance.} Qg5 24. Nf1 (24. h4 Qf6 $17)) 23... f4 $17 24. g4 (24. gxf4 $17 Qh4 25. Rd1) 24... Qh4 $19 {[%csl LRe1,LRg4]} 25. Rc1 $2 (25. Rg1 {might work better.}) 25... hxg4 26. fxg4 Bxg4 {[%cal Of4f3] [#] Threatens to win with ...f3!} 27. Ne2 $2 (27. Nf3 Qg3+ 28. Kh1 Bxh3 29. Rc2) 27... f3 {Weighted Error Value: White=0.59/Black=0.15 (very precise)} ({Not} 27... Bxe2 28. Qxe2 f3 29. Bxf3 $17) 0-1

[Event "Magistral 50 Blanca 2022"]
[Site "Buenos Aires"]
[Date "2022.04.02"]
[Round "9.5"]
[White "Paveto, Kevin"]
[Black "Flores, Diego"]
[Result "1-0"]
[WhiteElo "2462"]
[BlackElo "2566"]
[Annotator "TA"]
[PlyCount "71"]
[EventDate "2022.03.25"]
[EventType "tourn"]
[EventCountry "ARG"]
[SourceTitle "playchess.com"]
[Source "ChessBase"]
[SourceQuality "1"]

{[%evp 11,71,29,29,25,22,0,0,-8,0,0,0,0,0,0,0,0,0,0,0,-25,-12,-62,-1,-17,0,0,0,0,0,-10,0,0,12,24,94,90,95,101,135,131,168,169,243,131,486,443,487,452,721,722,720,712,687,670,734,732,724,697,29954,5631,4802,3253]} 1. e4 c5 2. Nf3 Nc6 3. d4 cxd4 4. Nxd4 Nf6 5. Nc3 e6 6. Ndb5 Bc5 7. Nd6+ {B45: Sicilian Four Knights.} Ke7 $1 8. Nxc8+ Rxc8 9. Bd3 {The position is equal.} (9. Bg5 $2 Qb6 10. Qd2 Bxf2+ $1 {[%mdl 512]} 11. Qxf2 Qxb2 $19) 9... Qc7 10. O-O h5 11. Bg5 Kf8 {Strongly threatening ...Ng4.} 12. Bxf6 gxf6 13. Kh1 a6 14. f4 {[#]} h4 $146 ({Predecessor:} 14... Bd4 15. Qe1 b5 16. Rb1 h4 17. Ne2 Ba7 18. Rd1 Ne7 19. a4 Rb8 20. Ra1 Bb6 21. axb5 axb5 22. Bxb5 Qxc2 23. Bxd7 Qxe4 24. h3 Nf5 25. Rf3 Qxe2 26. Qxe2 {1-0 (26) Nitin,S (2427)-Maltsevskaya,A (2410) Chess.com INT 2022}) 15. a3 Bd4 16. Qe1 (16. Qd2 $11) 16... h3 (16... Ne7 $15) 17. g3 $11 Ne7 {[%cal Rd4c3]} 18. Nd1 Qc6 19. c3 Ba7 20. Ne3 Qb6 21. Nc4 Rxc4 22. Bxc4 f5 (22... Qxb2 23. Be2 $16) (22... d5 $2 23. exd5 exd5 24. Be2 $18) (22... Nf5 $1 $11 {keeps the balance.}) 23. Bd3 $1 $16 Qxb2 {[%csl Gh3][%cal Rb2g2] [#]} 24. Be2 $1 fxe4 25. Rb1 Qxa3 26. Rxb7 Qc5 (26... Be3 $142 27. Rxd7 Qb2) 27. g4 (27. Bxa6 Nf5 $11) (27. Rxd7 $6 Bb6) (27. Qd1 $18 d5 28. Bg4) 27... Nd5 $2 {[%mdl 8192] [#] Black cannot hold the game after this.} (27... Bb6 $16 {is tougher.}) 28. f5 $1 $18 {[%cal Bf4f5,Bf5f6][%mdl 32] Threatens to win with fxe6.} Ke7 29. c4 Ne3 (29... Nc7 $142 30. Qc3 Rd8 31. Qxh3 (31. fxe6 Nxe6 32. Qxh3 Rb8 $18) 31... Rf8 32. f6+ Kd6 33. Qg3+ e5) 30. f6+ ({Weaker is} 30. Qd2 Nxf1 31. Qxd7+ Kf6 32. Rxa7 (32. Qxf7+ $2 Kg5 $19) 32... Qf2 33. Qe7+ (33. Qxf7+ {gets mated.} Kg5 34. Qg7+ Kf4 35. Qc7+ e5) 33... Ke5 34. Qc7+ Kf6 35. Qe7+ (35. Qxf7+ Kg5 36. Qg7+ Kf4 37. Qc7+ e5) 35... Ke5 36. Qc7+ Kf6 37. Qe7+ $11 (37. Qxf7+ Kg5 38. Qg7+ Kf4 39. Qc7+ e5)) 30... Kd6 31. Qg3+ e5 32. Ra1 Kc6 {[#]} 33. Rxa7 {[%mdl 576] Deflection} Qxa7 34. Qxe5 {[%cal Oc4c5] Intending c5! and mate.} Rb8 35. c5 {[%mdl 64] Threatening mate with Qd6+. Deflection} Qxc5 36. Qxb8 {Weighted Error Value: White=0.09 (flawless) /Black=0.60} 1-0